000 00281nam a22001337a 4500
008 180306b xxu||||| |||| 00| 0 eng d
020 _a9781259080814
041 _aeng
080 _210 ed
_a573
100 _a3
101 _abio
245 _abiology
_craven.j
942 _2udc
_cBK
999 _c44204
_d44204